[Event "Outaouais-ch"]
[Site "Gatineau CAN"]
[Date "2023.04.04"]
[Round "2"]
[White "Desjardins, Michel"]
[Black "Latreille, Etienne"]
[Result "0-1"]
[WhiteElo "1897"]
[BlackElo "2073"]
[PlyCount "98"]
[EventDate "2023.03.28"]
[EventType "tourn"]
[EventRounds "7"]
[EventCountry "CAN"]
[TimeControl "90+30"]

1. e4 c5 2. c3 Nf6 3. e5 Nd5 4. d4 cxd4 5. cxd4 d6 6. Nf3 Nc6 7. Bc4 Nb6 8. Bb5
dxe5 9. Nxe5 Bd7 10. Nxd7 Qxd7 11. Nc3 e6 12. Be3 Be7 13. O-O Rd8 14. Qf3 a6
15. Bxc6 Qxc6 16. Qxc6+ bxc6 17. Rfd1 Rb8 18. Bf4 Rb7 19. b3 Kd7 20. Ne4 Nd5
21. Be5 f6 22. Bg3 Rb4 23. f3 Ra8 24. Bf2 a5 25. Nd2 Nc3 26. Re1 Rb7 27. a3 Bd6
28. Kf1 Bf4 29. Ne4 Nxe4 30. Rxe4 Bd6 31. Re3 Rab8 32. b4 axb4 33. axb4 Rxb4
34. Rae1 Rb1 35. Rxe6 Be5 36. d5 cxd5 37. Ra6 Rxe1+ 38. Bxe1 Rb1 39. Ra7+ Kd6
40. Ke2 Rb2+ 41. Kf1 f5 42. Ra6+ Kc5 43. Bf2+ Kc4 44. Ra5 Rb1+ 45. Ke2 Bd6 46.
Ra2 d4 47. Rc2+ Kd5 48. Ra2 Bb4 49. g3 Kc4 0-1

[Event "Outaouais-ch"]
[Site "Gatineau CAN"]
[Date "2023.04.04"]
[Round "2"]
[White "Dupont-Mageau, Nicolas"]
[Black "Arsenault, Michel"]
[Result "0-1"]
[WhiteElo "1742"]
[BlackElo "1878"]
[PlyCount "85"]
[EventDate "2023.03.28"]
[EventType "tourn"]
[EventRounds "7"]
[EventCountry "CAN"]
[TimeControl "90+30"]

1. e4 c5 2. Nc3 Nc6 3. f4 g6 4. Nf3 Bg7 5. Bc4 e6 6. O-O Nge7 7. Qe1 O-O 8. d3
d5 9. Bb3 b5 10. Nxb5 Qb6 11. c4 dxe4 12. dxe4 Nd4 13. Nbxd4 cxd4 14. Qf2 a5
15. e5 f6 16. Qxd4 Qxd4+ 17. Nxd4 fxe5 18. fxe5 Rxf1+ 19. Kxf1 a4 20. Bd1 Ba6
21. Be2 Rc8 22. Nf3 Bxc4 23. Bg5 Nd5 24. Rc1 Bxe2+ 25. Kxe2 Rb8 26. Rc2 Nb4 27.
Rd2 Nxa2 28. Rd8+ Rxd8 29. Bxd8 Nb4 30. Be7 Nd5 31. Bg5 h6 32. Bc1 g5 33. h3
Bf8 34. g3 Bc5 35. Kd3 Bf2 36. g4 Bg3 37. Kc4 Bf4 38. Bd2 Bxd2 39. Nxd2 Nf4 40.
Kb5 Nd3 41. Nc4 Nxb2 42. Kb4 a3 43. Kxa3 0-1

[Event "Outaouais-ch"]
[Site "Gatineau CAN"]
[Date "2023.05.23"]
[Round "2"]
[White "Guimond, Michel"]
[Black "Thompson, Francis"]
[Result "1/2-1/2"]
[WhiteElo "1893"]
[BlackElo "1765"]
[PlyCount "32"]
[EventDate "2023.03.28"]
[EventType "tourn"]
[EventRounds "7"]
[EventCountry "CAN"]
[TimeControl "90+30"]

1. e4 c6 2. d4 d5 3. e5 Bf5 4. Nc3 e6 5. g4 Bg6 6. Nge2 h6 7. Nf4 Bh7 8. Be3
Nd7 9. Bd3 Bxd3 10. Qxd3 c5 11. Nxe6 fxe6 12. Qg6+ Ke7 13. Nxd5+ exd5 14. Qd6+
Ke8 15. Qg6+ Ke7 16. Qd6+ Ke8 1/2-1/2

[Event "Outaouais-ch"]
[Site "Gatineau CAN"]
[Date "2023.04.04"]
[Round "2"]
[White "Raymond, Daniel"]
[Black "Azar, Sebastien"]
[Result "0-1"]
[WhiteElo "1734"]
[BlackElo "2061"]
[PlyCount "108"]
[EventDate "2023.03.28"]
[EventType "tourn"]
[EventRounds "7"]
[EventCountry "CAN"]
[TimeControl "90+30"]

1. e4 c6 2. c4 d5 3. exd5 cxd5 4. cxd5 Nf6 5. Nc3 Nxd5 6. Nf3 Nc6 7. d4 e6 8.
Bb5 Bd7 9. O-O Be7 10. Nxd5 exd5 11. Re1 O-O 12. h3 Bf6 13. Be3 Qb6 14. a4 Rfd8
15. Rc1 Rac8 16. Ne5 a6 17. Bd3 Be6 18. f4 Ne7 19. Nf3 Nf5 20. Bf2 Rxc1 21.
Qxc1 g6 22. Qd2 Rc8 23. b4 Be7 24. b5 axb5 25. Bxb5 Nd6 26. Bd3 Qc6 27. a5 Nc4
28. Qe2 Bb4 29. Rb1 Bxa5 30. Ng5 Re8 31. Qa2 Bd8 32. Nf3 Bc7 33. Ne5 Bxe5 34.
fxe5 b5 35. Bh4 Qb6 36. Qf2 f5 37. exf6 Bf7 38. Qf4 Re6 39. Rf1 Qd6 40. Qg5 b4
41. Ra1 Qf8 42. Bf5 Rb6 43. Bd3 b3 44. Rb1 b2 45. Re1 Na3 46. Bb1 Ra6 47. Qd2
Nc4 48. Qe2 Re6 49. Qd1 Na3 50. Rxe6 Bxe6 51. Ba2 Qb4 52. Bb1 Nxb1 53. Qxb1 Bf5
54. Be1 Qxd4+ 0-1

[Event "Outaouais-ch"]
[Site "Gatineau CAN"]
[Date "2023.04.11"]
[Round "3"]
[White "Arsenault, Michel"]
[Black "Desjardins, Michel"]
[Result "0-1"]
[WhiteElo "1878"]
[BlackElo "1897"]
[PlyCount "50"]
[EventDate "2023.03.28"]
[EventType "tourn"]
[EventRounds "7"]
[EventCountry "CAN"]

1. c4 b6 2. Nf3 Bb7 3. g3 Bxf3 4. exf3 c5 5. d4 cxd4 6. Qxd4 Nc6 7. Qd2 e6 8.
Bg2 g6 9. b3 Bg7 10. Nc3 Nge7 11. Bb2 O-O 12. Ne4 d5 13. Nf6+ Kh8 14. O-O dxc4
15. Nd7 Rg8 16. Rfd1 c3 17. Bxc3 Nd5 18. Bxg7+ Rxg7 19. Ne5 Nxe5 20. f4 Nc6 21.
Bxd5 exd5 22. Qxd5 Qxd5 23. Rxd5 Rd8 24. Rxd8+ Nxd8 25. Rc1 f5 0-1

[Event "Outaouais-ch"]
[Site "Gatineau CAN"]
[Date "2023.04.30"]
[Round "3"]
[White "Azar, Sebastien"]
[Black "Guimond, Michel"]
[Result "1/2-1/2"]
[WhiteElo "2051"]
[BlackElo "1893"]
[PlyCount "143"]
[EventDate "2023.03.28"]
[EventType "tourn"]
[EventRounds "7"]
[EventCountry "CAN"]
[TimeControl "90+30"]

1. e4 e6 2. d4 d5 3. Nd2 Nc6 4. Ngf3 Nf6 5. e5 Nd7 6. c3 f6 7. exf6 Nxf6 8. Bd3
Bd6 9. Qe2 O-O 10. Ne5 Qe8 11. f4 Qh5 12. Ndf3 Bxe5 13. fxe5 Ne4 14. O-O Bd7
15. Bxe4 dxe4 16. Qxe4 Na5 17. b3 Bc6 18. Qe3 Rf5 19. Ba3 Rd8 20. Rf2 h6 21.
Nd2 b5 22. Rxf5 Qxf5 23. Bb4 Qg4 24. Qf2 Nb7 25. h3 Qg6 26. Rf1 Rd7 27. Kh2 Kh7
28. Nf3 Rf7 29. Qg3 Qxg3+ 30. Kxg3 Kg8 31. c4 a5 32. Bc3 b4 33. Bb2 a4 34. bxa4
Na5 35. Rc1 Rd7 36. Nd2 Bxa4 37. Ne4 Bc6 38. Nc5 Re7 39. Kf2 Kf7 40. g3 Re8 41.
Ke3 Kg6 42. Kd3 Kg5 43. a3 bxa3 44. Bxa3 Bg2 45. Bb4 Nc6 46. Bd2+ Kh5 47. Ne4
Rd8 48. g4+ Kg6 49. Nc5 Kf7 50. Ke3 Bxh3 51. Bc3 Bxg4 52. Rf1+ Ke7 53. Rb1 Rb8
54. Rg1 h5 55. d5 exd5 56. cxd5 Nb4 57. Ke4 g6 58. d6+ cxd6 59. exd6+ Kxd6 60.
Be5+ Kxc5 61. Bxb8 Bf5+ 62. Kf4 Nd3+ 63. Kg5 Kc4 64. Bg3 Kd4 65. Ra1 Ke3 66.
Bc7 Kf3 67. Rf1+ Ke2 68. Ra1 Ke3 69. Ra2 Kf3 70. Ra1 Ke4 71. Ra4+ Kd5 72. Ra1
1/2-1/2

[Event "Outaouais-ch"]
[Site "Gatineau CAN"]
[Date "2023.04.25"]
[Round "3"]
[White "Latreille, Etienne"]
[Black "Raymond, Daniel"]
[Result "1/2-1/2"]
[WhiteElo "2073"]
[BlackElo "1734"]
[PlyCount "109"]
[EventDate "2023.03.28"]
[EventType "tourn"]
[EventRounds "7"]
[EventCountry "CAN"]
[TimeControl "90+30"]

1. e4 c5 2. Nf3 Nc6 3. Bb5 d6 4. O-O Bd7 5. Re1 Nf6 6. c3 a6 7. Bf1 e5 8. d4
cxd4 9. cxd4 exd4 10. Nxd4 Be7 11. h3 O-O 12. Nc3 Re8 13. Be3 Bf8 14. f3 Rc8
15. Qd2 d5 16. exd5 Nb4 17. Nb3 Bf5 18. Bg5 Qb6+ 19. Kh1 Nc2 20. Rxe8 Rxe8 21.
Rd1 Ne3 22. Bxe3 Qxe3 23. Qxe3 Rxe3 24. Nd4 Bd7 25. Nc2 Re8 26. Bd3 Nh5 27. g4
Nf4 28. Bf1 f5 29. Re1 Rxe1 30. Nxe1 Bb4 31. Nc2 Bxc3 32. bxc3 fxg4 33. fxg4
Nxd5 34. Bc4 Be6 35. Nb4 Nc7 36. Bxe6+ Nxe6 37. Kg2 Kf7 38. Nd3 Ke7 39. h4 Kd6
40. Kf3 Kd5 41. Nf4+ Nxf4 42. Kxf4 Kc4 43. Ke5 b5 44. Ke6 Kxc3 45. Kf7 Kb2 46.
Kxg7 Kxa2 47. Kxh7 b4 48. g5 b3 49. g6 b2 50. g7 b1=Q+ 51. Kh8 Qb2 52. h5 Qf6
53. Kh7 Qf5+ 54. Kh6 Qf7 55. g8=Q 1/2-1/2

[Event "Outaouais-ch"]
[Site "Gatineau CAN"]
[Date "2023.04.11"]
[Round "3"]
[White "Thompson, Francis"]
[Black "Dupont-Mageau, Nicolas"]
[Result "0-1"]
[WhiteElo "1765"]
[BlackElo "1742"]
[PlyCount "131"]
[EventDate "2023.03.28"]
[EventType "tourn"]
[EventRounds "7"]
[EventCountry "CAN"]

1. c4 c6 2. Nc3 d5 3. e3 e5 4. d4 e4 5. Qb3 Nf6 6. f3 a5 7. cxd5 cxd5 8. Bd2
Bb4 9. a3 Bxc3 10. bxc3 O-O 11. c4 Re8 12. Rb1 Qd6 13. cxd5 exf3 14. Nxf3 Nxd5
15. Bc4 Be6 16. O-O Nc6 17. e4 b5 18. Bxd5 Bxd5 19. exd5 Ne7 20. Ng5 f6 21. Ne6
Rac8 22. Nf4 Nf5 23. Qd3 Ne7 24. Bxa5 Nxd5 25. Nxd5 Qxd5 26. Bb6 Rc4 27. Qf3
Qg5 28. h4 Qg6 29. Rxb5 Rc2 30. Rf5 Ree2 31. Qd5+ Kh8 32. R5f2 h6 33. Rxe2 Rxe2
34. Qf3 Rb2 35. Bc5 Qc2 36. h5 Rb3 37. Qf5 Qe2 38. d5 Rg3 39. Rf2 Qd1+ 40. Kh2
Rg5 41. Qf3 Rxh5+ 42. Kg3 Qh1 43. Qf4 Rg5+ 44. Kf3 Qd1+ 45. Ke3 Re5+ 46. Qxe5
fxe5 47. Rd2 Qg1+ 48. Ke4 Qxc5 49. d6 Qc6+ 50. Kxe5 Qe8+ 51. Kd5 Qd7 52. Rd4 g6
53. Re4 Qb5+ 54. Kd4 Kg7 55. Re5 Qb2+ 56. Kd5 Qxg2+ 57. Kc5 Qc2+ 58. Kd5 Qd3+
59. Ke6 Qxa3 60. d7 Qa6+ 61. Kd5 Qb5+ 62. Kd6 Qb6+ 63. Kd5 Qc7 64. Re7+ Kf6 65.
Re6+ Kf7 66. Re7+ 0-1

[Event "Outaouais-ch"]
[Site "Gatineau CAN"]
[Date "2023.04.18"]
[Round "4"]
[White "Azar, Sebastien"]
[Black "Latreille, Etienne"]
[Result "1/2-1/2"]
[WhiteElo "2061"]
[BlackElo "2073"]
[PlyCount "70"]
[EventDate "2023.03.28"]
[EventType "tourn"]
[EventRounds "7"]
[EventCountry "CAN"]

1. e4 c5 2. Nf3 Nc6 3. d4 cxd4 4. Nxd4 g6 5. c4 Bg7 6. Be3 d6 7. Nc3 Nf6 8. Be2
O-O 9. f3 Bd7 10. Qd2 Nxd4 11. Bxd4 Bc6 12. O-O-O a6 13. h4 Qa5 14. g4 Rfc8 15.
h5 b5 16. Kb1 Rab8 17. hxg6 hxg6 18. g5 Nd7 19. Bxg7 Kxg7 20. Qf4 Rh8 21. Qe3
bxc4 22. Bxc4 Qc5 23. Qe2 Qxg5 24. Rxh8 Rxh8 25. Bxf7 Ne5 26. Bd5 Bd7 27. Rf1
Qf4 28. Qxa6 Rh2 29. Rd1 Qxf3 30. Ka1 Qf2 31. Rb1 g5 32. Qa8 Rh8 33. Qa6 Rh2
34. Qa8 Rh8 35. Qa6 Rh2 1/2-1/2

[Event "Outaouais-ch"]
[Site "Gatineau CAN"]
[Date "2023.04.18"]
[Round "4"]
[White "Desjardins, Michel"]
[Black "Thompson, Francis"]
[Result "1-0"]
[WhiteElo "1897"]
[BlackElo "1765"]
[PlyCount "87"]
[EventDate "2023.03.28"]
[EventType "tourn"]
[EventRounds "7"]
[EventCountry "CAN"]

1. c4 Nf6 2. Nc3 d5 3. cxd5 Nxd5 4. g3 c6 5. Bg2 Nxc3 6. bxc3 e5 7. Nf3 Bd6 8.
O-O O-O 9. a4 Qa5 10. Qc2 h6 11. d3 Nd7 12. Bd2 Re8 13. c4 Qc7 14. a5 Nc5 15.
Be3 f5 16. d4 exd4 17. Bxd4 Qe7 18. e3 Bd7 19. Nh4 Qf7 20. Rfd1 Ne4 21. c5 Be5
22. Nf3 Bf6 23. Rab1 Rab8 24. Rb4 g5 25. Qb2 b5 26. axb6 axb6 27. Rxb6 Ra8 28.
Ra1 Nxc5 29. Rxa8 Rxa8 30. Rb8+ Rxb8 31. Qxb8+ Kh7 32. Bxc5 Qc4 33. Qc7 Qc1+
34. Bf1 Qxc5 35. Qxd7+ Kg6 36. Nd4 Bxd4 37. Qxd4 Qe7 38. h3 c5 39. Qd5 Qf8 40.
Bc4 Kg7 41. Qd7+ Kf6 42. Bd3 Kg6 43. g4 c4 44. Bxf5+ 1-0

[Event "Outaouais-ch"]
[Site "Gatineau CAN"]
[Date "2023.04.18"]
[Round "4"]
[White "Guimond, Michel"]
[Black "Dupont-Mageau, Nicolas"]
[Result "1/2-1/2"]
[WhiteElo "1893"]
[BlackElo "1742"]
[PlyCount "52"]
[EventDate "2023.03.28"]
[EventType "tourn"]
[EventRounds "7"]
[EventCountry "CAN"]

1. e4 c5 2. Nf3 d6 3. d4 cxd4 4. Nxd4 Nf6 5. Nc3 a6 6. Bc4 e6 7. a4 Be7 8. Bb3
O-O 9. O-O Nc6 10. Be3 Nxd4 11. Bxd4 Bd7 12. a5 Bc6 13. f3 Nd7 14. Na4 Bxa4 15.
Bxa4 Nc5 16. c3 Nxa4 17. Rxa4 d5 18. Bb6 Qd6 19. Qd4 Bf6 20. Qe3 Qc6 21. Rfa1
Rac8 22. e5 Be7 23. Kf2 Qb5 24. b4 Rc4 25. Bd4 Rfc8 26. Kg3 Qd7 1/2-1/2

[Event "Outaouais-ch"]
[Site "Gatineau CAN"]
[Date "2023.04.18"]
[Round "4"]
[White "Raymond, Daniel"]
[Black "Arsenault, Michel"]
[Result "0-1"]
[WhiteElo "1734"]
[BlackElo "1878"]
[PlyCount "73"]
[EventDate "2023.03.28"]
[EventType "tourn"]
[EventRounds "7"]
[EventCountry "CAN"]

1. e4 c5 2. Nf3 d6 3. d4 cxd4 4. Nxd4 Nf6 5. Nc3 e6 6. Be3 a6 7. f3 b5 8. Qd2
Bb7 9. O-O-O Nbd7 10. Nb3 b4 11. Ne2 a5 12. Ng3 h5 13. Bb5 a4 14. Nd4 Qa5 15.
Rhe1 b3 16. Qxa5 Rxa5 17. cxb3 axb3 18. a3 h4 19. Nge2 Rh5 20. Nc3 Rc5 21.
Bxd7+ Nxd7 22. Nxb3 Rxc3+ 23. bxc3 Rxa3 24. Kb2 Ra8 25. Ra1 Rb8 26. Kc2 d5 27.
exd5 Bxd5 28. Nd4 h3 29. g3 e5 30. Bg1 Kd8 31. Ra5 Bb7 32. Raxe5 Nxe5 33. Rxe5
Bd6 34. Rh5 Kd7 35. Rxh3 Be5 36. f4 Bd6 37. Rh7 0-1

[Event "Outaouais-ch"]
[Site "Gatineau CAN"]
[Date "2023.05.02"]
[Round "5"]
[White "Arsenault, Michel"]
[Black "Azar, Sebastien"]
[Result "0-1"]
[WhiteElo "1878"]
[BlackElo "2061"]
[PlyCount "74"]
[EventDate "2023.03.28"]
[EventType "tourn"]
[EventRounds "7"]
[EventCountry "CAN"]

1. c4 c6 2. Nf3 d5 3. b3 Nf6 4. Bb2 Bf5 5. g3 e6 6. Bg2 h6 7. O-O Be7 8. d3 O-O
9. Nbd2 Nbd7 10. Qc2 Bh7 11. a3 a5 12. Rfb1 Qb6 13. b4 axb4 14. axb4 Rxa1 15.
Bxa1 Bxb4 16. Bc3 Ng4 17. Nd4 Bxc3 18. Rxb6 Bxd4 19. Rxb7 Nc5 20. Rb1 Nxf2 21.
Nf3 Be3 22. Qa2 Nd1+ 23. Kf1 Nc3 24. Qc2 Nxb1 25. cxd5 Na3 26. Qb2 cxd5 27.
Qxa3 Rb8 28. Bh3 Bg6 29. Kg2 Rb1 30. g4 Rb3 31. Qa2 Rc3 32. Ne5 Kh7 33. Qb2 Bd4
34. Nxg6 Kxg6 35. Qd2 Bf6 36. Qf4 Rc2 37. Kf2 Nxd3+ 0-1

[Event "Outaouais-ch"]
[Site "Gatineau CAN"]
[Date "2023.05.02"]
[Round "5"]
[White "Dupont-Mageau, Nicolas"]
[Black "Desjardins, Michel"]
[Result "1/2-1/2"]
[WhiteElo "1742"]
[BlackElo "1897"]
[PlyCount "38"]
[EventDate "2023.03.28"]
[EventType "tourn"]
[EventRounds "7"]
[EventCountry "CAN"]

1. d4 g6 2. e4 Bg7 3. Nc3 c5 4. Nf3 cxd4 5. Nxd4 Nc6 6. Be3 d6 7. Qd2 a6 8. Bc4
Bd7 9. h4 b5 10. Bd5 Rc8 11. h5 Qc7 12. hxg6 hxg6 13. O-O-O b4 14. Nce2 a5 15.
Kb1 Ne5 16. Rxh8 Bxh8 17. f4 Nc4 18. Bxc4 Qxc4 19. Qd3 Qxd3 1/2-1/2

[Event "Outaouais-ch"]
[Site "Gatineau CAN"]
[Date "2023.05.02"]
[Round "5"]
[White "Latreille, Etienne"]
[Black "Guimond, Michel"]
[Result "1-0"]
[WhiteElo "2073"]
[BlackElo "1893"]
[PlyCount "173"]
[EventDate "2023.03.28"]
[EventType "tourn"]
[EventRounds "7"]
[EventCountry "CAN"]

1. d4 c5 2. d5 e5 3. c4 d6 4. Nc3 g6 5. e4 Bg7 6. h4 h5 7. Bg5 f6 8. Be3 Nh6 9.
Be2 Bg4 10. f3 Bd7 11. Qd2 a5 12. Nh3 a4 13. a3 Qb6 14. Nf2 f5 15. Bg5 Nf7 16.
Nh3 f4 17. g3 Bxh3 18. Rxh3 Nxg5 19. hxg5 fxg3 20. Bd1 Qc7 21. Rxg3 Qd7 22. Qh2
Ra5 23. Qh3 O-O 24. Qxd7 Nxd7 25. Bxa4 Nb6 26. Bb3 Rf4 27. Rh3 Bf8 28. O-O-O
Be7 29. Rg1 Ra8 30. Kd2 Nd7 31. Ne2 Rf7 32. Rg2 Nf8 33. Ng1 Nh7 34. Rhg3 Raf8
35. Bd1 Bd8 36. b4 cxb4 37. axb4 Bb6 38. Nh3 Ra8 39. Bb3 Kg7 40. f4 exf4 41.
Rf3 Be3+ 42. Kd3 Ra3 43. Rb2 Nf8 44. e5 dxe5 45. Ke4 b6 46. Kxe5 Nd7+ 47. Ke6
Ra8 48. Kd6 Nf8 49. Kc6 b5 50. c5 Rc8+ 51. Kxb5 Rb7+ 52. Kc4 Nd7 53. Rxf4 Ne5+
54. Kc3 Bxf4 55. Nxf4 Rf7 56. Ne6+ Kh7 57. b5 Rf3+ 58. Kd4 Nd3 59. Rb1 Nf2 60.
c6 Rd3+ 61. Kc4 Rd2 62. b6 Ne4 63. Rd1 Nd6+ 64. Kb4 Rxd1 65. Bxd1 Rb8 66. b7
Nxb7 67. Nf8+ Rxf8 68. cxb7 Rb8 69. Kc5 Rxb7 70. d6 Rb1 71. Bf3 Rb2 72. d7 Rb8
73. Kd6 Kg7 74. Kc7 Rf8 75. d8=Q Rxd8 76. Kxd8 Kf7 77. Kd7 h4 78. Bg4 Kf8 79.
Ke6 Kg7 80. Ke7 Kg8 81. Kf6 Kh7 82. Kf7 h3 83. Bxh3 Kh8 84. Kxg6 Kg8 85. Kf6
Kh8 86. Be6 Kh7 87. g6+ 1-0

[Event "Outaouais-ch"]
[Site "Gatineau CAN"]
[Date "2023.05.02"]
[Round "5"]
[White "Thompson, Francis"]
[Black "Raymond, Daniel"]
[Result "0-1"]
[WhiteElo "1765"]
[BlackElo "1734"]
[PlyCount "96"]
[EventDate "2023.03.28"]
[EventType "tourn"]
[EventRounds "7"]
[EventCountry "CAN"]

1. Nf3 d5 2. g3 c5 3. Bg2 e6 4. O-O Nf6 5. d4 Nc6 6. c4 dxc4 7. Qa4 Bd6 8. dxc5
Bxc5 9. Ne5 O-O 10. Nxc6 bxc6 11. Qxc6 Bxf2+ 12. Rxf2 Rb8 13. Qxc4 Qb6 14. Nc3
Ba6 15. Qh4 Rfd8 16. g4 Rd4 17. Be3 Rxg4 18. Bxb6 Rxh4 19. Bxa7 Rxb2 20. Rb1
Rxb1+ 21. Nxb1 Ra4 22. e3 Bd3 23. Rb2 h6 24. Bd4 Nd5 25. Nc3 Nxc3 26. Bxc3 Bc4
27. Be4 f5 28. Bb1 g5 29. Bb4 Bd5 30. a3 Kf7 31. Rc2 Kg6 32. Rc5 Ra7 33. Kf2 h5
34. Bc2 h4 35. a4 Kh5 36. a5 Kg4 37. Bd3 Kh3 38. Bxf5+ Kxh2 39. Bg6 g4 40. e4
g3+ 41. Ke3 g2 42. Rc2 Bb3 43. Rb2 Kh1 44. Rxg2 Kxg2 45. e5 Bd5 46. Bd3 h3 47.
a6 h2 48. Bc5 Ra8 0-1

[Event "Outaouais-ch"]
[Site "Gatineau CAN"]
[Date "2023.05.09"]
[Round "7"]
[White "Azar, Sebastien"]
[Black "Thompson, Francis"]
[Result "1-0"]
[WhiteElo "2061"]
[BlackElo "1765"]
[PlyCount "167"]
[EventDate "2023.03.28"]
[EventType "tourn"]
[EventRounds "7"]
[EventCountry "CAN"]

1. e4 c6 2. d4 d5 3. e5 Bf5 4. g4 Be4 5. f3 Bg6 6. e6 Qd6 7. exf7+ Bxf7 8. Nc3
Nd7 9. f4 Ngf6 10. Be3 Qe6 11. Qe2 Nxg4 12. Nd1 Nxe3 13. Nxe3 g6 14. O-O-O Bh6
15. Qf2 Nf6 16. Bh3 Qd6 17. Ne2 Ne4 18. Qf3 Be6 19. Bxe6 Qxe6 20. Ng4 Bg7 21.
Ng3 Rf8 22. Rhe1 O-O-O 23. b3 Qd6 24. Nxe4 dxe4 25. Rxe4 Rf5 26. Ne3 Qa3+ 27.
Kb1 Ra5 28. Nc4 Qxa2+ 29. Kc1 Qa1+ 30. Kd2 Rxd4+ 31. Rxd4 Qxd4+ 32. Ke2 Qc3 33.
Qxc3 Bxc3 34. Nxa5 Bxa5 35. Kf3 Bc3 36. Kg4 Bf6 37. h4 a5 38. f5 gxf5+ 39. Kxf5
Bxh4 40. Ra1 b6 41. Rh1 Bf6 42. Rxh7 b5 43. Ke4 a4 44. bxa4 bxa4 45. Rh5 a3 46.
Ra5 Bb2 47. Kd3 Kd7 48. c3 Kd6 49. Ke4 e6 50. Kd3 Kc7 51. Kc2 Kd6 52. Ra8 e5
53. Ra4 Kd5 54. Ra8 Kc4 55. Ra6 c5 56. Ra4+ Kd5 57. Ra8 e4 58. Re8 e3 59. Rxe3
Kc4 60. Re4+ Kb5 61. Kb3 Kc6 62. Ra4 Kb5 63. Ra8 c4+ 64. Kc2 Kc5 65. Kd2 Kd5
66. Rd8+ Kc5 67. Rc8+ Kd5 68. Kc2 Kd6 69. Rxc4 Kd5 70. Ra4 Kc5 71. Kb3 Kc6 72.
Kb4 Kb6 73. Kc4 Kc6 74. Ra8 Kb7 75. Ra4 Kc6 76. Kb4 Kb6 77. c4 Bc1 78. c5+ Kc7
79. Kb5 Be3 80. Rxa3 Bd4 81. Ra7+ Kb8 82. Rd7 Be3 83. Kc6 Kc8 84. Re7 1-0

[Event "Outaouais-ch"]
[Site "Gatineau CAN"]
[Date "2023.05.16"]
[Round "7"]
[White "Dupont-Mageau, Nicolas"]
[Black "Azar, Sebastien"]
[Result "1-0"]
[WhiteElo "1742"]
[BlackElo "2061"]
[PlyCount "87"]
[EventDate "2023.03.28"]
[EventType "tourn"]
[EventRounds "7"]
[EventCountry "CAN"]
[TimeControl "90+30"]

1. d4 d5 2. Bf4 c5 3. e3 Nc6 4. Nf3 Nf6 5. c3 e6 6. Nbd2 Be7 7. Bd3 O-O 8. O-O
Bd7 9. Ne5 Be8 10. Ndf3 Ne4 11. Qc2 f6 12. Nxc6 Bxc6 13. dxc5 e5 14. Bg3 Nxg3
15. Bxh7+ Kh8 16. hxg3 e4 17. Bg6 f5 18. Ne5 Kg8 19. Nxc6 bxc6 20. Qe2 Rf6 21.
Qh5 Bxc5 22. Bxf5 Rh6 23. Qe2 Kf7 24. f3 Qg5 25. Bh3 Bxe3+ 26. Kh2 Bc5 27.
fxe4+ Kg8 28. Rf5 Qe7 29. e5 a5 30. Raf1 Re8 31. Re1 Bd6 32. Qg4 Kh8 33. Rh5
Rxh5 34. Qxh5+ Kg8 35. e6 Rf8 36. Bf5 Rxf5 37. Qxf5 Qh4+ 38. Kg1 Qxg3 39. Kf1
Qh4 40. Qf7+ Kh7 41. e7 Qc4+ 42. Re2 Qh4 43. Qf5+ g6 44. Qh3 1-0

[Event "Outaouais-ch"]
[Site "Gatineau CAN"]
[Date "2023.05.09"]
[Round "7"]
[White "Guimond, Michel"]
[Black "Desjardins, Michel"]
[Result "0-1"]
[WhiteElo "1893"]
[BlackElo "1897"]
[PlyCount "60"]
[EventDate "2023.03.28"]
[EventType "tourn"]
[EventRounds "7"]
[EventCountry "CAN"]

1. e4 e6 2. d4 d5 3. e5 c5 4. c3 Qb6 5. Bd3 Bd7 6. Nf3 Nc6 7. O-O cxd4 8. cxd4
Nxd4 9. Nxd4 Qxd4 10. Nc3 a6 11. Re1 Ne7 12. Qb3 Qxd3 13. Bg5 Bc6 14. Rac1 Qc4
15. Qd1 Qb4 16. Qh5 g6 17. Qf3 Bg7 18. a3 Qb6 19. Bf6 Bxf6 20. exf6 d4 21. Ne4
Nf5 22. g4 Bxe4 23. Qxe4 Nd6 24. Qf4 O-O 25. Qh6 Ne8 26. g5 d3 27. Rcd1 Qd4 28.
Re3 Qg4+ 29. Rg3 Qxd1+ 30. Kg2 Qh5 0-1

[Event "Outaouais-ch"]
[Site "Gatineau CAN"]
[Date "2023.05.09"]
[Round "7"]
[White "Latreille, Etienne"]
[Black "Arsenault, Michel"]
[Result "1-0"]
[WhiteElo "2073"]
[BlackElo "1878"]
[PlyCount "81"]
[EventDate "2023.03.28"]
[EventType "tourn"]
[EventRounds "7"]
[EventCountry "CAN"]
[TimeControl "90+30"]

1. e4 c5 2. Nf3 Nc6 3. Bb5 g6 4. O-O Bg7 5. c3 Nf6 6. Re1 O-O 7. d4 d5 8. e5
Ne4 9. Bxc6 bxc6 10. Be3 Qb6 11. Qc1 Rb8 12. b3 Qa5 13. Nfd2 Nxd2 14. Nxd2 cxd4
15. cxd4 c5 16. dxc5 Bxe5 17. Bh6 Bf6 18. Bxf8 Kxf8 19. a3 Bf5 20. b4 Qa4 21.
Nf3 Bxa1 22. Qxa1 f6 23. h3 a5 24. Qc1 e5 25. Qh6+ Kg8 26. Nh4 Bc2 27. Qd2 d4
28. f4 axb4 29. axb4 Qxb4 30. Qxb4 Rxb4 31. fxe5 fxe5 32. Rxe5 Rb5 33. Nf3 Bf5
34. g4 Rb1+ 35. Kf2 Rb2+ 36. Kg3 Bd7 37. Nxd4 Rd2 38. Rd5 Ba4 39. Kf4 Kf7 40.
Ke5 Ke7 41. Nc6+ 1-0

[Event "Outaouais-ch"]
[Site "Gatineau CAN"]
[Date "2023.05.09"]
[Round "7"]
[White "Raymond, Daniel"]
[Black "Dupont-Mageau, Nicolas"]
[Result "1-0"]
[WhiteElo "1734"]
[BlackElo "1742"]
[PlyCount "95"]
[EventDate "2023.03.28"]
[EventType "tourn"]
[EventRounds "7"]
[EventCountry "CAN"]

1. e4 Nf6 2. e5 Nd5 3. d4 d6 4. c4 Nb6 5. exd6 cxd6 6. Nc3 Nc6 7. Be3 g6 8. b3
Bg7 9. Rc1 O-O 10. Nf3 e5 11. d5 Ne7 12. c5 dxc5 13. Bxc5 Re8 14. Bb5 Nd7 15.
Bb4 a6 16. Be2 b5 17. Ne4 a5 18. Bxe7 Qxe7 19. d6 Qf8 20. Bxb5 Rd8 21. O-O Ba6
22. Bxa6 Rxa6 23. Qd3 Nb8 24. Rfd1 h6 25. Qd5 Nd7 26. Qb5 Raa8 27. Rc7 Nf6 28.
Nxf6+ Bxf6 29. d7 Qe7 30. Qc6 Rab8 31. Qd5 Kg7 32. Qxa5 Ra8 33. Ra7 Rxa7 34.
Qxa7 e4 35. Ne1 Bg5 36. Nc2 Qe6 37. Qc7 Kf8 38. Nb4 e3 39. fxe3 Bxe3+ 40. Kh1
Bb6 41. Qd6+ Qxd6 42. Rxd6 Bc5 43. Nc6 Bxd6 44. Nxd8 Bc7 45. Nb7 Ke7 46. d8=Q+
Bxd8 47. Nxd8 Kxd8 48. a4 1-0

[Event "Outaouais-ch"]
[Site "Gatineau CAN"]
[Date "2023.05.16"]
[Round "8"]
[White "Arsenault, Michel"]
[Black "Guimond, Michel"]
[Result "0-1"]
[WhiteElo "1878"]
[BlackElo "1893"]
[PlyCount "84"]
[EventDate "2023.03.28"]
[EventType "tourn"]
[EventRounds "7"]
[EventCountry "CAN"]
[TimeControl "90+30"]

1. c4 e5 2. g3 d6 3. Bg2 g6 4. e3 Bg7 5. Nc3 c6 6. Nge2 Be6 7. b3 Nh6 8. Bb2
O-O 9. O-O Qd7 10. d4 Bh3 11. Qd2 Bxg2 12. Kxg2 f5 13. dxe5 dxe5 14. Rad1 Qxd2
15. Rxd2 Na6 16. Ba3 Rfd8 17. Rfd1 Nf7 18. Rd7 Rab8 19. c5 Kf8 20. e4 Ke8 21.
R7d3 Rxd3 22. Rxd3 Bf8 23. exf5 gxf5 24. Rf3 Nh6 25. Bc1 e4 26. Rf4 Be7 27.
Rxe4 fxe4 28. Bxh6 Nxc5 29. Be3 b6 30. Bxc5 bxc5 31. Nxe4 Rd8 32. Nf4 Kf7 33.
h4 Rd1 34. Kh3 Ra1 35. Kg4 Rxa2 36. Kf5 Ra5 37. Nd3 c4+ 38. Ne5+ Rxe5+ 39. Kxe5
cxb3 40. Nd2 b2 41. Kd4 a5 42. Kc3 Bb4+ 0-1

[Event "Outaouais-ch"]
[Site "Gatineau CAN"]
[Date "2023.05.16"]
[Round "8"]
[White "Desjardins, Michel"]
[Black "Raymond, Daniel"]
[Result "1/2-1/2"]
[WhiteElo "1897"]
[BlackElo "1734"]
[PlyCount "53"]
[EventDate "2023.03.28"]
[EventType "tourn"]
[EventRounds "7"]
[EventCountry "CAN"]
[TimeControl "90+30"]

1. e4 c5 2. Nf3 Nc6 3. b4 cxb4 4. d4 d5 5. exd5 Qxd5 6. c4 bxc3 7. Nxc3 Qd8 8.
d5 Na5 9. Ne5 Nf6 10. Qa4+ Bd7 11. Nxd7 Nxd7 12. Bd2 b6 13. Ba6 g6 14. Qd4 Rg8
15. O-O Bg7 16. Qh4 Kf8 17. Rfe1 Nf6 18. Rad1 Qd7 19. Bf4 Qg4 20. Qxg4 Nxg4 21.
Nb5 Bh6 22. Bg3 Bg5 23. d6 exd6 24. Rxd6 Rd8 25. h3 Nh6 26. Rxd8+ Bxd8 27. Nxa7
1/2-1/2